〈ポケモン〉高さが3.0m以上のポケモン - Statistics

General Stats
  • This quiz has been taken 202 times
  • The average score is 28 of 64
Answer Stats
ポケモン 高さ % Correct
{ナッシー}(アローラのすがた) 10.9
92%
グラードン 3.5
86%
カイオーガ 4.5
83%
レックウザ 7.0
82%
ホエルオー 14.5
80%
{ヨワシ}(むれたすがた) 8.2
75%
ディアルガ(オリジンフォルム) 7.0
75%
パルキア(オリジンフォルム) 6.3
75%
ディアルガ 5.4
75%
パルキア 4.2
75%
ルギア 5.2
73%
レシラム 3.2
72%
ムゲンダイナ 20.0
71%
ホウオウ 3.8
69%
ギラティナ(オリジンフォルム) 6.9
67%
ギラティナ(アナザーフォルム) 4.5
67%
イベルタル 5.8
63%
ルナアーラ 4.0
63%
キュレム(ホワイトキュレム) 3.6
63%
キュレム(ブラックキュレム) 3.3
63%
キュレム 3.0
63%
ゼルネアス 3.0
63%
ソルガレオ 3.4
61%
ジガルデ(パーフェクトフォルム) 4.5
58%
ジガルデ(50%フォルム) 5.0
58%
アルセウス 3.2
57%
ネクロズマ(ウルトラネクロズマ) 7.5
55%
ネクロズマ(あかつきのつばさ) 4.2
55%
ネクロズマ(たそがれのたてがみ) 3.8
55%
アクジキング 5.5
51%
レジギガス 3.7
49%
テッカグヤ 9.2
48%
ハガネール 9.2
46%
イワーク 8.8
46%
ギャラドス 6.5
46%
ミライドン 3.5
44%
ツンデツンデ 5.5
40%
アーボック 3.5
39%
ミロカロス 6.2
38%
ヘイラッシャ 12.0
36%
ハクリュー 4.0
35%
フーパ(ときはなたれし) 6.5
30%
デンジュモク 3.8
26%
ジャローダ 3.3
23%
タケルライコ 5.2
22%
ダダリン 3.9
18%
サダイジャ 3.8
18%
ウネルミナモ 3.5
16%
ウガツホムラ 3.5
15%
{マタドガス}(ガラルのすがた) 3.0
15%
ジジーロン 3.0
14%
アーゴヨン 3.6
13%
ドラパルト 3.0
13%
マルヤクデ 3.0
12%
ダイオウドウ 3.0
12%
ノココッチ(みつふしフォルム) 4.5
11%
ノココッチ(ふたふしフォルム) 3.6
11%
{オニシズクモ}(ぬしサイズ) 3.1
10%
ボルトロス(れいじゅうフォルム) 3.0
9%
タイレーツ 3.0
9%
ハルクジラ 4.5
8%
リキキリン 3.2
8%
イダイトウ 3.0
6%
チヲハウハネ 3.2
5%
No matching quizzes found
Score Distribution
Percent of People with Each Score
Percentile by Number Answered
Your Score History
You have not taken this quiz